10 Motorsports Trivia Questions #2 - Statistics

General Stats
  • This quiz has been taken 10 times
  • The average score is 7 of 10
Answer Stats
Hint Answer % Correct
How many gears do modern F1 cars have? 8
100%
Which team holds the F1 record with 16 Constructors' titles, earned between 1961 and 2008? Ferrari
100%
As of mid-2024, which driver holds the record for the most Formula 1 Grand Prix wins? Lewis Hamilton
90%
What is the name of the most prestigious and oldest endurance race in the world, held annually in France? 24 Hours of Le Mans
80%
Which circuit has a section known as the "Swimming Pool"? Monaco
80%
What is the term for the maneuver where a driver moves behind another to reduce aerodynamic drag? Drafting/Slipstreaming
70%
What does the acronym "GT" commonly stand for in the context of racing cars? Gran Turismo
60%
Which rally race is known for its gruelling off-road conditions and was originally called the Paris-Dakar Rally? Dakar Rally
40%
Which driver won the inaugural Daytona 500 in 1959 Lee Petty
20%
Who was the first driver to lap a closed course at more than 200mph? Buddy Baker
10%
No matching quizzes found
Score Distribution
Percent of People with Each Score
Percentile by Number Answered
Your Score History
You have not taken this quiz